000 00496cam a2200193ua 4500
001 6391
005 20260515114037.0
008 131205n ii |||gr||||Z||||||eng
020 _a81-219-1804-4
040 _cMAIN
082 _a338.04
245 1 1 _aEntrepreneurial Development
_cBy S.S. Khanka
260 _aNew delhi:
_bS. Chand & Company ltd.,
_c2002.
300 _axiv,405p.
653 _aCommerce
653 _aEntrepreneurial development
700 1 _aKhanka,S.S.,
_eAuthor.
942 _cBK
999 _c5536
_d5536